000 00527 a2200133 4500
001 ART_47321
005 20260410162006.0
008 260409a
245 1 0 _aAsunción de riesgos y hecho del damnificado en el Código Civil y Comercial de la Nación ¿Limitaciones en la antijuridicidad o en la causalidad?
100 1 _aTanzi, Silvia Y.
700 1 _aLamanna Guiñazú, Emiliano C.
700 1 _aFossaceca, Carlos Alberto (h)
773 0 _tTemas de derecho civil
_g- Año 4, N° 8 (ago. 2018)
_wREV34778
999 _c31759
_d31759